Kampala law reports : Cited as [1994] VI KALR / (Record no. 2383)

MARC details
000 -LEADER
fixed length control field 01532cas a2200409 a 4500
001 - CONTROL NUMBER
control field 11394222
003 - CONTROL NUMBER IDENTIFIER
control field OSt
005 - DATE AND TIME OF LATEST TRANSACTION
control field 20110606110811.0
008 - FIXED-LENGTH DATA ELEMENTS--GENERAL INFORMATION
fixed length control field 920730c19899999ug ar w eng
010 ## - LIBRARY OF CONGRESS CONTROL NUMBER
LC control number 91980854
035 ## - SYSTEM CONTROL NUMBER
System control number (OCoLC)ocm26291235
040 ## - CATALOGING SOURCE
Original cataloging agency DLC
Transcribing agency DLC
Modifying agency NST
-- DLC
-- MH-L
042 ## - AUTHENTICATION CODE
Authentication code lc
043 ## - GEOGRAPHIC AREA CODE
Geographic area code f-ug---
050 00 - LIBRARY OF CONGRESS CALL NUMBER
Classification number KTW490.K363
Item number K35
082 00 - DEWEY DECIMAL CLASSIFICATION NUMBER
Classification number 348.6761 KAM
Edition number 22
245 00 - TITLE STATEMENT
Title Kampala law reports : Cited as [1994] VI KALR /
Remainder of title decisions of the High Court and Supreme Court of Uganda . _
246 1# - VARYING FORM OF TITLE
Display text Cited as:
Title proper/short title KALR
260 ## - PUBLICATION, DISTRIBUTION, ETC. (IMPRINT)
Place of publication, distribution, etc Kampala, Uganda :
Name of publisher, distributor, etc Kampala Law Reports,
Date of publication, distribution, etc 1994-
300 ## - PHYSICAL DESCRIPTION
Extent v. ;
Dimensions 32 cm.
310 ## - CURRENT PUBLICATION FREQUENCY
Current publication frequency Annual
362 0# - DATES OF PUBLICATION AND/OR SEQUENTIAL DESIGNATION
Dates of publication and/or sequential designation 1989-
500 ## - GENERAL NOTE
General note Title from cover.
500 ## - GENERAL NOTE
General note Editor: Ladislaus Kiiza Rwakafuuzi.
515 ## - NUMBERING PECULIARITIES NOTE
Numbering peculiarities note Vols. for <1992-> issued in parts.
590 ## - LOCAL NOTE (RLIN)
Local note SERBIB/SERLOC merged record
650 #0 - SUBJECT ADDED ENTRY--TOPICAL TERM
Topical term or geographic name as entry element Law reports, digests, etc.
Geographic subdivision Uganda.
9 (RLIN) 5223
700 1# - ADDED ENTRY--PERSONAL NAME
Personal name Rwakafuuzi, Ladislaus Kiiza.
9 (RLIN) 1996
710 1# - ADDED ENTRY--CORPORATE NAME
Corporate name or jurisdiction name as entry element Uganda.
Subordinate unit High Court.
9 (RLIN) 5224
710 1# - ADDED ENTRY--CORPORATE NAME
Corporate name or jurisdiction name as entry element Uganda.
Subordinate unit Supreme Court.
9 (RLIN) 5225
906 ## - LOCAL DATA ELEMENT F, LDF (RLIN)
a 7
b cbc
c serials
d 2
e ncip
f 19
g n-oclcserc
942 ## - ADDED ENTRY ELEMENTS (KOHA)
Source of classification or shelving scheme Dewey Decimal Classification
Koha item type Law Reports
Holdings
Withdrawn status Lost status Source of classification or shelving scheme Damaged status Not for loan Home library Current library Shelving location Date acquired Total Checkouts Full call number Barcode Date last seen Price effective from Koha item type
    Dewey Decimal Classification     Law Development Centre Main Library Law Development Centre Main Library Law Reports 06/06/2011   348.6761 KAM 2011/1904 06/06/2011 06/06/2011 Law Reports
    Dewey Decimal Classification     Law Development Centre Main Library Law Development Centre Main Library Law Reports 06/06/2011   348.6761 KAM 2011/1905 06/06/2011 06/06/2011 Law Reports
    Dewey Decimal Classification     Law Development Centre Main Library Law Development Centre Main Library Law Reports 06/06/2011   348.6761 KAM 2011/1906 06/06/2011 06/06/2011 Law Reports